Hindu society at cross roads.

Bibliographic Details
Main Author: Panikkar, K. M. (Kavalam Madhava), 1896-1963
Format: Book
Language:English
Published: London : Asia Pub. House, [1961]
Edition:[3d ed.].
Subjects:

MARC

Tag First Indicator Second Indicator Subfields
LEADER 00000cam a22000001 4500
001 in00000063089
005 20151008051138.0
008 700302s1961 enk 00000 eng
010 |a  61065672  
035 |a (OCoLC)00042967 
035 |9 AAG6033AM 
040 |a DLC  |c DLC  |d TXA  |d UtOrBLW 
049 |a TXAM  |c [343064] 
050 0 0 |a HN683  |b .P3 1961 
092 |a 309.154  |b P192h, 1961 
100 1 |a Panikkar, K. M.  |q (Kavalam Madhava),  |d 1896-1963. 
245 1 0 |a Hindu society at cross roads. 
250 |a [3d ed.]. 
264 1 |a London :  |b Asia Pub. House,  |c [1961] 
300 |a 139 pages ;  |c 19 cm. 
336 |a text  |b txt  |2 rdacontent 
337 |a unmediated  |b n  |2 rdamedia 
338 |a volume  |b nc  |2 rdacarrier 
651 0 |a India  |x Social conditions. 
999 |a MARS 
999 f f |s 0504de77-65b2-3a5e-9ddf-91ee451a312c  |i fdd12e9f-d09a-3b1c-a000-abe6897043bf  |t 0 
952 f f |p ric  |a Texas A&M University  |b Rellis Campus  |c Joint Library Facility  |d Remote Storage  |t 0  |e HN683 .P3 1961  |h Library of Congress classification  |i unmediated -- volume  |m A14800649110 
998 f f |a HN683 .P3 1961  |t 0  |l Remote Storage